The Latvia Quiz Stats

Quiz Updated Jul 16, 2017

Also try: The Ukraine Quiz
Challenge
Share
Tweet
Embed
Score 0/40 Timer 04:00
2 Plays Today
Question Answer % Correct
Flag ColorMaroon
95.6%
Flag ColorWhite
95%
Bordering countryRussia
91.4%
Official LanguageLatvian
91.3%
Bordering CountryLithuania
90.2%
Bordering CountryEstonia
90%
Current Currency (2014-present)Euro
89.4%
Capital CityRiga
89.3%
Drives on the...Right
87.2%
Age of Suffrage18
83.5%
Primary ContinentEurope
81.1%
Most Popular SportAssociation Football
78.6%
Bordering CountryBelarus
77.2%
Lowest Point (0m)Baltic Sea
76.8%
Bordering SeaBaltic sea
76.8%
Official NameRepublic of Latvia
76.3%
Internet TLD.lv
74.5%
Member of EU Since...2004
70.3%
Year of Independence1990
69.1%
Main ReligionChristianity (Lutheran)
62.1%
Question Answer % Correct
TimezoneUTC+2
40.7%
Former Currency (1922-2013)Lats
26.5%
Second Largest CityDaugavpils
20.5%
National FlowerDaisy
13.3%
Third Largest CityLiepāja
13.1%
Former Official NameLatvian Soviet Socialist Republic
13%
First Prime MinisterKārlis Ulmanis
12.7%
Longest RiverThe Daugava
12.6%
PresidentRaimonds Vējonis
11.7%
National LandmarkThe Freedom Monument
11.6%
Calling Code+371
11.3%
Independence Day18th of November
10.5%
Most Popular Tourist DestinationGuaja National Park
9.8%
National InsectTwo-Spot Ladybird
9.7%
Prime MinisterMāris Kučinskis
9.1%
First PresidentJānis Čakste
7%
Official MottoDievs, svētī Latviju!
6.7%
National BirdWhite wagtail
3.9%
Tallest Building (name 1 of 2)Swedbank Central Office & Z-Towers
3.4%
Highest Point (312m)Gaizina Kalns
3%

You're not logged in!

Compare scores with friends on all Sporcle quizzes.
Sign Up with Email
OR
Log In

You Might Also Like...

Show Comments

Extras

Top Quizzes Today


Score Distribution

Your Account Isn't Verified!

In order to create a playlist on Sporcle, you need to verify the email address you used during registration. Go to your Sporcle Settings to finish the process.